Moscow

Bibliographic Details
Main Author: Balanenko, Jurij (kor)
Other Authors: Berezin, Alexander (kor), Rachmanov, Nikolaj Nikolajevič (fot)
Format: Book
Language:English
PhysicalDescription:207 s. 4°
Published: Moscow Planeta 1975

MARC

LEADER 00000nam a2200000 a 4500
001 vtls001165417
003 SK-MaSNL
005 20260331202841.0
008 210928s1975 SU 0 eng
035 |a SNK000108396 
040 |a SNK  |b slo  |c SNK  |e AACR2 
041 0 |a eng 
044 |a [SU] 
080 |a 779:908.473.11=2  |2 1981 
100 1 |a Balanenko, Jurij  |4 kor  |9 575028 
245 0 |a Moscow  |c Ed. Jurij Balanenko, Alexander Berezin ; Colour phot. Nikolaj Nikolajevič Rachmanov 
260 |a Moscow  |b Planeta  |c 1975 
300 |a 207 s.  |c 4° 
700 1 |a Berezin, Alexander  |4 kor  |9 575029 
700 1 |a Rachmanov, Nikolaj Nikolajevič  |4 fot  |9 300553 
958 |a RK 
958 |a OND 
999 |c 881913  |d 883843 
952 |t P60, <04>, [BOOK], {604}  |a SNK  |b SNK  |y VYP  |7 0  |p 17A0221125  |o snkIB 39297  |0 0  |1 0  |4 0  |d 1999-12-17  |l 0  |r 2005-01-01 00:00:00  |w 2026-02-24